Statistics for European Cities in Greek - Map Quiz

Click here to take the quiz!

General Stats

  • This quiz has been taken 44 times
  • The average score is 27 of 36

Answers on the Map

Answers color-coded by a green-red scale on the quiz's map according to % correct below.
 

Answer Stats

Answer% Correct
Κίεβο
89%
Λονδίνο
87%
Ρέικιαβικ
87%
Εδιμβούργο
84%
Πράγα
84%
Παρίσι
84%
Σεβίλλη
84%
Κοπεγχάγη
84%
Μιλάνο
84%
Βρυξέλλες
82%
Λισαβόνα
82%
Μαδρίτη
82%
Άμστερνταμ
82%
Ρώμη
82%
Αθήνα
82%
Στοκχόλμη
79%
Παλέρμο
79%
Νεάπολη
79%
Βαρκελώνη
79%
Μάντσεστερ
79%
Σεράγεβο
76%
Αγία Πετρούπολη
74%
Δουβλίνο
74%
Βουκουρέστι
74%
Άσλο
74%
Βιέννη
71%
Βουδαπέστη
71%
Βερολίνο
68%
Χέλσινκι
68%
Βελιγράδιο
68%
Γενεύη
68%
Βαρσοβία
66%
Μόσχα
66%
Μόναχο
61%
Μασσαλία
58%
Ντίσελντορφ
53%

Score Distribution

Percentile by Number Answered

Percent of People with Each Score

Your Score History

You have not taken this quiz